Inovačný proces a manažment znalostí pri implementácii komplexného informačného systému
Komplexnosť procesu implementácie informačného systému. Osvedčené zásady implementácie. Inovačný proces a manažment znalostí. Znalosti ako progresívny pohon súčasnej ekonomiky.
Na minha lista:
| Autor principal: | |
|---|---|
| Formato: | Capítulo de Livro |
| Idioma: | eslovaco |
| Assuntos: | |
| Tags: |
Sem tags, seja o primeiro a adicionar uma tag!
|
MARC
| LEADER | 00000naa$a2200000$$$4500 | ||
|---|---|---|---|
| 001 | 0092210 | ||
| 005 | 20240502072029.8 | ||
| 041 | 0 | |a slo | |
| 044 | |a SK | ||
| 245 | 1 | 0 | |a Inovačný proces a manažment znalostí pri implementácii komplexného informačného systému |c Jaroslav Dugas |
| 520 | |a Komplexnosť procesu implementácie informačného systému. Osvedčené zásady implementácie. Inovačný proces a manažment znalostí. Znalosti ako progresívny pohon súčasnej ekonomiky. | ||
| 610 | 2 | 0 | |a systémy informačné |
| 610 | 2 | 0 | |a inovácia |
| 610 | 2 | 0 | |a riadenie znalostí |
| 100 | 1 | |a Dugas, Jaroslav, 1967- | |